<?xml version="1.0" encoding="UTF-8"?>
<record
    xmlns:xsi="http://www.w3.org/2001/XMLSchema-instance"
    xsi:schemaLocation="http://www.loc.gov/MARC21/slim http://www.loc.gov/standards/marcxml/schema/MARC21slim.xsd"
    xmlns="http://www.loc.gov/MARC21/slim">

  <leader>03018    a2200325   4500</leader>
  <controlfield tag="001">41308</controlfield>
  <controlfield tag="005">20260407155707.0</controlfield>
  <controlfield tag="008">260407a2015    arg                 spa d</controlfield>
  <controlfield tag="003">AR-UNSa-BCEJYS</controlfield>
  <datafield tag="040" ind1=" " ind2=" ">
    <subfield code="a">AR-UNSa-BCEJYS</subfield>
    <subfield code="b">spa</subfield>
    <subfield code="c">AR-UNSa-BCEJYS</subfield>
  </datafield>
  <datafield tag="080" ind1=" " ind2=" ">
    <subfield code="a">347.1/7(094.4)</subfield>
    <subfield code="x">C&#xF3;digo Civil y Comercial</subfield>
  </datafield>
  <datafield tag="245" ind1="1" ind2="0">
    <subfield code="a">Nuevo C&#xF3;digo Civil y Comercial de la Naci&#xF3;n</subfield>
    <subfield code="p">Contratos en particular. Primera parte</subfield>
  </datafield>
  <datafield tag="264" ind1=" " ind2="1">
    <subfield code="a">Buenos Aires :</subfield>
    <subfield code="b">Erreius</subfield>
    <subfield code="c">2015</subfield>
  </datafield>
  <datafield tag="300" ind1=" " ind2=" ">
    <subfield code="a">107 p.</subfield>
    <subfield code="c">26 cm.</subfield>
  </datafield>
  <datafield tag="505" ind1=" " ind2=" ">
    <subfield code="a">Vol. I: 1. Las cl&#xE1;usulas que pueden ser agregadas al contrato de compraventa en el C&#xF3;digo Civil y Comercial / Ra&#xFA;l Schiavino - 2. El contrato de permuta en el C&#xF3;digo Civil y Comercial / Elisa G. Romano y Manuel J. Negr&#xF3;n Mansilla - 3. El contrato de suministro en el C&#xF3;digo Civil y Comercial / Estela M. Ferreir&#xF3;s - 4. El contrato de locaci&#xF3;n en el C&#xF3;digo Civil y Comercial / Bartolom&#xE9; A. Orfila - 5. R&#xE9;gimen de contrato de leasing en el C&#xF3;digo Civil y Comercial / Manuel A. Am&#xE9;ndola - 6. El contrato de transporte en el C&#xF3;digo Civil y Comercial / Ethel Humphreys - 7. El contrato de mandato en el C&#xF3;digo Civil y Comercial / Elisa G. Romano y Manuel J. Negr&#xF3;n Mansilla - 8. El contrato de corretaje en el C&#xF3;digo Civil y Comercial, la jurisprudencia de los tribunales comerciales y la legislaci&#xF3;n vigente en la materia / Angel M. Gonz&#xE1;lez - 9. El contrato de dep&#xF3;sito en el C&#xF3;digo Civil y Comercial / Elisa G. Romano y Claudia I. Iglesias - 10. Algunas consideraciones en torno al contrato de medicina prepaga a la luz del C&#xF3;digo Civil y Comercial / Paola A. Urbina - Vol. II: 1. Contratos bancarios con consumidores y usuarios en el C&#xF3;digo Civil y Comercial / Carlos E. Tambusi - 2. La regulaci&#xF3;n de la cuenta corriente en el C&#xF3;digo Civil y Comercial / Augusto H. Arduino - 3. El agente de comercio / Juan C. Fern&#xE1;ndez Madrid - 4. El contrato de concesi&#xF3;n mercantil en el C&#xF3;digo Civil y Comercial /Rodolfo G. Papa - 5. El contrato de mutuo en el C&#xF3;digo y Comercial / Magdalena B. Giavarino - 6. La donaci&#xF3;n como contrato a la luz del C&#xF3;digo Civil y Comercial / Jos&#xE9; A. Barb&#xF3;n Lacambra - 7. Algunas consideraciones en torno a la cesi&#xF3;n de derechos y la cesi&#xF3;n de la posici&#xF3;n contractual en el C&#xF3;digo Civil y Comercial / Silvia Pfarherr y Ver&#xF3;nica S. Fern&#xE1;ndez - 8. El fideicomiso de garant&#xED;a en el C&#xF3;digo Civil y Comercial / Eduardo Barreira Delfino - 9. La constituci&#xF3;n de la sociedad an&#xF3;nima unipersonal / Bernardo P. Carlino </subfield>
  </datafield>
  <datafield tag="041" ind1=" " ind2=" ">
    <subfield code="a">spa</subfield>
  </datafield>
  <datafield tag="942" ind1=" " ind2=" ">
    <subfield code="c">BK</subfield>
  </datafield>
  <datafield tag="590" ind1=" " ind2=" ">
    <subfield code="a">niveau_biblio:m niveau_hierar:0</subfield>
  </datafield>
  <datafield tag="100" ind1="1" ind2=" ">
    <subfield code="a">Romano, Elisa G.</subfield>
  </datafield>
  <datafield tag="700" ind1="1" ind2=" ">
    <subfield code="a">Schiavino, Ra&#xFA;l</subfield>
  </datafield>
  <datafield tag="700" ind1="1" ind2=" ">
    <subfield code="a">Negr&#xF3;n Mansilla, Manuel J.</subfield>
  </datafield>
  <datafield tag="700" ind1="1" ind2=" ">
    <subfield code="a">Ferreir&#xF3;s, Estela M.</subfield>
  </datafield>
  <datafield tag="700" ind1="1" ind2=" ">
    <subfield code="a">Orfila, Bartolom&#xE9; A.</subfield>
  </datafield>
  <datafield tag="700" ind1="1" ind2=" ">
    <subfield code="a">Am&#xE9;ndola, Manuel Alejandro</subfield>
  </datafield>
  <datafield tag="700" ind1="1" ind2=" ">
    <subfield code="a">Humphreys, Ethel</subfield>
  </datafield>
  <datafield tag="700" ind1="1" ind2=" ">
    <subfield code="a">Gonz&#xE1;lez, Angel M.</subfield>
  </datafield>
  <datafield tag="700" ind1="1" ind2=" ">
    <subfield code="a">Iglesias, Claudia I.</subfield>
  </datafield>
  <datafield tag="700" ind1="1" ind2=" ">
    <subfield code="a">Urbina, Paola A.</subfield>
  </datafield>
  <datafield tag="856" ind1="4" ind2="1">
    <subfield code="u">https://biblioeco.unsa.edu.ar/pmb/images/libros/E00021.jpg</subfield>
    <subfield code="y">Imagen de portada</subfield>
    <subfield code="q">image/jpeg</subfield>
  </datafield>
  <datafield tag="999" ind1=" " ind2=" ">
    <subfield code="c">3452</subfield>
    <subfield code="d">3452</subfield>
  </datafield>
  <datafield tag="952" ind1=" " ind2=" ">
    <subfield code="0">0</subfield>
    <subfield code="1">0</subfield>
    <subfield code="4">0</subfield>
    <subfield code="7">0</subfield>
    <subfield code="a">BCEJYS</subfield>
    <subfield code="b">BCEJYS</subfield>
    <subfield code="c">16</subfield>
    <subfield code="d">2026-04-07</subfield>
    <subfield code="l">0</subfield>
    <subfield code="o">E347.1/7(094.4) N964c/ER v.1</subfield>
    <subfield code="p">E00021</subfield>
    <subfield code="r">2026-04-07 15:57:07</subfield>
    <subfield code="w">2026-04-07</subfield>
    <subfield code="y">L</subfield>
  </datafield>
  <datafield tag="952" ind1=" " ind2=" ">
    <subfield code="0">0</subfield>
    <subfield code="1">0</subfield>
    <subfield code="4">0</subfield>
    <subfield code="7">0</subfield>
    <subfield code="a">BCEJYS</subfield>
    <subfield code="b">BCEJYS</subfield>
    <subfield code="c">16</subfield>
    <subfield code="d">2026-04-07</subfield>
    <subfield code="l">0</subfield>
    <subfield code="o">E347.1/7(094.4) N964c/ER v.2</subfield>
    <subfield code="p">E00022</subfield>
    <subfield code="r">2026-04-07 15:57:07</subfield>
    <subfield code="w">2026-04-07</subfield>
    <subfield code="y">L</subfield>
  </datafield>
</record>
